000
00280nam a2200109Ia 4500
008
220216s9999 xx 000 0 und d
245
0
_a
Safeguarding crepe rubber machinery
260
_b
Planters Bulletin
_c
1957
300
_a
9-Apr
650
_a
Crepe rubber machinery
942
_c
JS
999
_c
68376
_d
68376